| 000 | 00859nam a2200181Ia 4500 | ||
|---|---|---|---|
| 008 | 100921s9999 xx 000 0 und d | ||
| 082 |
_b31586 _a615.537 थ 99 |
||
| 100 | _aधुरी कल्पना दत्तात्रय. | ||
| 245 | _aआयुर्वेदातुन आरोग्य-घरचं औषध. | ||
| 260 |
_bसुरूची प्रकाशन, मुंबई. _c1999 |
||
| 300 |
_a106 _bजयेश एजन्सी,पुणे. |
||
| 365 | _b50 | ||
| 520 | _aतंत्रविज्ञान-आयुर्वेद. | ||
| 630 | _aआयुर्वेदातुन आरोग्य-घरचं औषध. | ||
| 650 | _aतंत्रविज्ञान-आयुर्वेद. | ||
| 730 | _aआयुर्वेदातुन आरोग्य-घरचं औषध. | ||
| 942 | _cBOOK | ||
| 999 |
_c780699 _d780696 |
||